| 000 | 00892cam a2200289 i 4500 | ||
|---|---|---|---|
| 999 |
_c200441478 _d59690 |
||
| 003 | TR-AnTOB | ||
| 005 | 20230607090858.0 | ||
| 007 | ta | ||
| 008 | 810903s1953 enk d 000 0 eng | ||
| 040 |
_aDLC _beng _erda _cCarP _dDLC _dTR-AnTOB |
||
| 041 | 0 |
_aeng _ager |
|
| 050 | 0 | 0 |
_aPF3640 _b.B84 1953 |
| 090 |
_aTOBBK PF3640 _b.B84 1953 |
||
| 100 | 1 |
_aBreul, Karl _d1860-1932. _9130971 |
|
| 245 | 0 | 0 | _aCassell's German and English dictionary. |
| 250 | _aeleventh edition | ||
| 264 | 1 |
_aLondon : _bCassell, _c[1952]. |
|
| 300 |
_axix, 687 pages ; _c22 cm |
||
| 336 |
_atext _btxt _2rdacontent |
||
| 337 |
_aunmediated _bn _2rdamedia |
||
| 338 |
_avolume _bnc _2rdacarrier |
||
| 650 | 0 |
_aGerman language _vDictionaries _xEnglish _940112 |
|
| 650 | 0 |
_aEnglish language _vDictionaries _xGerman _940111 |
|
| 942 |
_2z _cBK |
||